000 00286nam a2200121Ia 4500
008 231129s9999||||xx |||||||||||||| ||spa||
040 _bspa
082 _a194 T264s
100 _aTeilhard de Chardin Pierre
245 0 _aSobre el sufrimiento
264 _aSan Pablo
942 _2ddc
_cBKS
999 _c24713
_d24713